| 000 | 00554nam a2200193 i 4500 | ||
|---|---|---|---|
| 001 | 13585 | ||
| 003 | ES-MaACL | ||
| 005 | 20230906150621.0 | ||
| 007 | t| | ||
| 008 | 980520s1991 sp ||||1| spa d | ||
| 020 | _a84-604-0423-4 | ||
| 080 | _a821.134.2-14"19"(082.2) | ||
| 245 | 0 | 0 |
_aGrupo Prado de poesía _b: libro primero. |
| 260 |
_a[Madrid : _bGrupo Prado de Poesía, _c1991] |
||
| 300 |
_a50 p. ; _c21 cm. |
||
| 650 | 4 |
_aPoesías españolas- _yS.XX. _916221 |
|
| 710 | 2 |
_aGrupo Prado de Poesía. _94535 |
|
| 852 |
_aES-MaACL _jL-20916 _bR.120886 |
||
| 999 |
_c13585 _d13585 |
||